La protección contra el despido arbitrario y la estabilidad en el empleo (Registro nro. 25145)
[ vista simple ]
| 000 -LEADER | |
|---|---|
| fixed length control field | 00391 a2200109 4500 |
| 001 - CONTROL NUMBER | |
| control field | ART_26142 |
| 005 - DATE AND TIME OF LATEST TRANSACTION | |
| control field | 20260410161852.0 |
| 008 - FIXED-LENGTH DATA ELEMENTS--GENERAL INFORMATION | |
| fixed length control field | 260409a |
| 100 1# - MAIN ENTRY--PERSONAL NAME | |
| Personal name | Duarte, David |
| 245 10 - TITLE STATEMENT | |
| Title | La protección contra el despido arbitrario y la estabilidad en el empleo |
| 773 0# - HOST ITEM ENTRY | |
| Title | Derecho del trabajo |
| Related parts | Extinción del contrato de trabajo - Año III, Nº 8 (jun. 2014) |
| Record control number | REV10447 |
No hay ítems disponibles.